Capitals of the Balkans - Statistics

General Stats
  • This quiz has been taken 131 times
  • The average score is 9 of 11
Answer Stats
Hint Answer % Correct
Z Zagreb
96%
T Tirana
93%
B Belgrade
89%
S Sarajevo
87%
B Bucharest
84%
S Sofia
84%
A Athens
83%
P Pristina
80%
S skopje
79%
P Podgorica
76%
A Ankara
49%
No matching quizzes found
Score Distribution
Percent of People with Each Score
Percentile by Number Answered
Your Score History
You have not taken this quiz